Online
Catalog

Cuento de cuentos : (Record no. 39824)

MARC details
000 -CABECERA
campo de control de longitud fija 00675nam a2200205 a 4500
001 - NÚMERO DE CONTROL
campo de control 000040334
005 - FECHA Y HORA DE LA ÚLTIMA TRANSACCIÓN
campo de control 20201002034051.0
008 - DATOS DE LONGITUD FIJA--INFORMACIÓN GENERAL
campo de control de longitud fija 130821s2005 mx 000 0 spa d
020 ## - NÚMERO INTERNACIONAL ESTÁNDAR DEL LIBRO
Número Internacional Estándar del Libro 9703214924
040 ## - FUENTE DE LA CATALOGACIÓN
Centro catalogador/agencia de origen DO-SdBNP
Lengua de catalogación spa
Centro/agencia transcriptor BNPHU
100 1# - ENTRADA PRINCIPAL--NOMBRE DE PERSONA
Nombre de persona Dolores Ake, Pablo
9 (RLIN) 66631
245 10 - MENCIÓN DE TÍTULO
Título Cuento de cuentos :
Resto del título con teatrito /
Mención de responsabilidad, etc. Pablo dolores Ake ; viñetas de Oscar Frias.
260 ## - PUBLICACIÓN, DISTRIBUCIÓN, ETC.
Lugar de publicación, distribución, etc. México :
Nombre del editor, distribuidor, etc. Universidad Nacional Autónoma de México :,
Fecha de publicación, distribución, etc. 2005.
300 ## - DESCRIPCIÓN FÍSICA
Extensión 31 p. :
Otras características físicas il. ;
Dimensiones 21 cm.
490 1# - MENCIÓN DE SERIE
Mención de serie Lunes
533 ## - NOTA DE REPRODUCCIÓN
Tipo de reproducción Facsímil:
Lugar de la reproducción México
Fecha de la reproducción 1944
700 1# - PUNTO DE ACCESO ADICIONAL--NOMBRE DE PERSONA
Nombre de persona Frias, Oscar
9 (RLIN) 66632
710 2# - PUNTO DE ACCESO ADICIONAL--NOMBRE DE ENTIDAD CORPORATIVA
Nombre de entidad corporativa o nombre de jurisdicción como elemento de entrada Universidad Nacional Autónoma de México
9 (RLIN) 42447
830 #0 - PUNTO DE ACCESO ADICIONAL DE SERIE-TÍTULO UNIFORME
Título uniforme Lunes
9 (RLIN) 66616
Holdings
Estado de retiro Estado de pérdida Restricciones de uso No para préstamo Código de colección Localización permanente Ubicación/localización actual Ubicación en estantería Fecha de adquisición Número de inventario Total de préstamos Signatura topográfica completa Código de barras Fecha visto por última vez Número de copia Precio válido a partir de Tipo de ítem Koha
      Excluido de préstamo Monografías: Libros y Folletos General General En catalogación 21.08.2013 LF1   40334-10 25.06.2020 e. 2 25.06.2020 No se presta
      Excluido de préstamo Monografías: Libros y Folletos General General En catalogación 21.08.2013 LF1   40334-20 25.06.2020 e. 3 25.06.2020 No se presta
      Excluido de préstamo Monografías: Libros y Folletos General General En catalogación 21.08.2013 LF1   40334-30 25.06.2020   25.06.2020 No se presta

Powered by Koha